Cyclisme: vainqueurs des courses du calendrier World Tour 2021 - Statistiques

Statistiques générales
  • Ce quiz a été pris 884 fois
  • Le résultat moyen est 18 sur 29
Statistiques - réponses
Course Vainqueur % Correct
UAE Tour Tadej Pogacar
99%
Tirreno - Adriatico Tadej Pogacar
99%
Liège-Bastogne-Liège Tadej Pogacar
99%
Tour de France Tadej Pogacar
99%
Tour de Lombardie Tadej Pogacar
99%
Tour du Pays basque Primoz Roglic
94%
Tour d'Espagne Primoz Roglic
94%
Gand - Wevelgem Wout van Aert
94%
Amstel Gold Race Wout van Aert
94%
Strade Bianche Matthieu Van der Poel
91%
La Fleche Wallonne Julian Alaphilippe
88%
Tour d'Italie Egan Bernal
75%
Tour du Benelux Sonny Colbrelli
60%
Paris-Roubaix Sonny Colbrelli
60%
Tour de Romandie Geraint Thomas
53%
E3 Saxo Bank Classic Kasper Asgreen
52%
Tour des Flandres Kasper Asgreen
52%
Tour de Suisse Richard Carapaz
48%
Tour de Catalogne Adam Yates
46%
Milan - San Remo Jasper Stuyven
45%
À travers la Flandre Dylan Van Baarle
40%
Paris-Nice Maximilian Schachmann
36%
Bretagne Classic Benoît Cosnefroy
34%
Critérium du Dauphiné Richie Porte
29%
Eschborn-Frankfurt Jasper Philipsen
28%
Brugge-De Panne Classic Sam Bennett
20%
Tour de Pologne Joao Almeida
17%
Clasica San Sebastian Neilson Powless
16%
Omloop Het Nieuwsblad Davide Ballerini
11%
Aucun quiz correspondant
Distribution des résultats
% des personnes avec chaque résultat
Percentile par nombre de réponses
Votre historique - résultats
Vous n’avez pas pris ce quiz